000 00183 a2200097 4500
020 _a9781474816731
041 _aspa
100 _aJollands Editions
245 _aAnimales
942 _cBK
999 _c29205
_d29203